A Wednesday (Record no. 34347)

MARC details
000 -LEADER
fixed length control field 03151ngm a2200481 4500
003 - CONTROL NUMBER IDENTIFIER
control field dpl
005 - DATE AND TIME OF LATEST TRANSACTION
control field 20100302154017.0
007 - PHYSICAL DESCRIPTION FIXED FIELD--GENERAL INFORMATION
fixed length control field ta
008 - FIXED-LENGTH DATA ELEMENTS--GENERAL INFORMATION
fixed length control field ||||||sp199 xxu|||||c ||| 00| 0 ng d
010 ## - LIBRARY OF CONGRESS CONTROL NUMBER
LC control number DVD-005765-5772 & DVD-006332
024 ## - OTHER STANDARD IDENTIFIER
Standard number or code DHIF1542S
Terms of availability 99.00
035 ## - SYSTEM CONTROL NUMBER
System control number DVD-005765-5772
035 ## - SYSTEM CONTROL NUMBER
System control number DVD-006332
040 ## - CATALOGING SOURCE
Original cataloging agency DPL
Transcribing agency DPL
082 ## - DEWEY DECIMAL CLASSIFICATION NUMBER
Classification number DVD / WEDN
245 ## - TITLE STATEMENT
Title A Wednesday
Statement of responsibility, etc UTV Motion Picture Presents
Medium [videorecording] DVD/
260 ## - PUBLICATION, DISTRIBUTION, ETC. (IMPRINT)
Name of publisher, distributor, etc Moserbaer Entertainment
300 ## - PHYSICAL DESCRIPTION
Extent 1 videodisc DVD;
Other physical details sd., col. ;
Dimensions 4 3/4 in.
Type of unit DVD
440 ## - SERIES STATEMENT/ADDED ENTRY--TITLE
Title Moserbaer Home Entertainment
500 ## - GENERAL NOTE
General note Moserbaer India Ltd. has obtained the necessary license/consent from the owner of the copyright in the works for making this DVD Film.
538 ## - SYSTEM DETAILS NOTE
System details note Dolby Digital 5.1 - Hindi Subtitles: English
650 ## - SUBJECT ADDED ENTRY--TOPICAL TERM
Topical term or geographic name as entry element Motion Picture
700 ## - ADDED ENTRY--PERSONAL NAME
Personal name Pandey, Neeraj
700 ## - ADDED ENTRY--PERSONAL NAME
Personal name Screwvala, Ronnie
700 ## - ADDED ENTRY--PERSONAL NAME
Personal name Bhatia, Shital
700 ## - ADDED ENTRY--PERSONAL NAME
Personal name Rizvi, Anjum
700 ## - ADDED ENTRY--PERSONAL NAME
Personal name Naseeruddin Shah
700 ## - ADDED ENTRY--PERSONAL NAME
Personal name Kher, Anupam
700 ## - ADDED ENTRY--PERSONAL NAME
Personal name Shergil, Jimmy
700 ## - ADDED ENTRY--PERSONAL NAME
Personal name Bashir, Aamir
942 ## - ADDED ENTRY ELEMENTS (KOHA)
Koha item type CD-ROMs, DVDs, VHS
Source of classification or shelving scheme Dewey Decimal Classification
Classification part DVD
Call number suffix WEDN
Holdings
Withdrawn status Lost status Source of classification or shelving scheme Damaged status Not for loan Home library Current library Date acquired Source of acquisition Cost, normal purchase price Total Checkouts Full call number Barcode Date last seen Date checked out Copy number Cost, replacement price Price effective from Koha item type Total Renewals
    Dewey Decimal Classification     Central Library Central Library 02/03/2010 Pioneers/1003/17-11-09/325/13-10-09 /30-11-09 99.00 23 DVD WEDN DVD-005765 16/11/2016 07/11/2016 1 99.00 02/03/2010 CD-ROMs, DVDs, VHS  
    Dewey Decimal Classification     Janak Puri Janak Puri 11/03/2010 Pioneers/1099/25-12-09/325/13-10-09 /30-12-09 99.00 14 DVD WEDN DVD-006332 11/02/2013 04/02/2013 1 99.00 11/03/2010 CD-ROMs, DVDs, VHS 1
    Dewey Decimal Classification     Karol Bagh Karol Bagh 02/03/2010 Pioneers/1003/17-11-09/325/13-10-09 /30-11-09 99.00 5 DVD WEDN DVD-005770 07/09/2015 24/08/2015 1 99.00 02/03/2010 CD-ROMs, DVDs, VHS  
    Dewey Decimal Classification     Narela Narela 02/03/2010 Pioneers/1003/17-11-09/325/13-10-09 /30-11-09 99.00 11 DVD WEDN DVD-005771 30/07/2011 19/07/2011 1 99.00 02/03/2010 CD-ROMs, DVDs, VHS  
    Dewey Decimal Classification     Patel Nagar Patel Nagar 02/03/2010 Pioneers/1003/17-11-09/325/13-10-09 /30-11-09 99.00 17 DVD WEDN DVD-005766 11/07/2016 28/06/2016 1 99.00 02/03/2010 CD-ROMs, DVDs, VHS  
    Dewey Decimal Classification     R.K.Puram-8 R.K.Puram-8 02/03/2010 Pioneers/1003/17-11-09/325/13-10-09 /30-11-09 99.00 4 DVD WEDN DVD-005768 18/08/2012 11/08/2012 1 99.00 02/03/2010 CD-ROMs, DVDs, VHS 1
    Dewey Decimal Classification     Sarojini Nagar Sarojini Nagar 02/03/2010 Pioneers/1003/17-11-09/325/13-10-09 /30-11-09 99.00 32 DVD WEDN DVD-005767 07/11/2016 24/10/2016 1 99.00 02/03/2010 CD-ROMs, DVDs, VHS 2
    Dewey Decimal Classification     Shahdara Branch Shahdara Branch 02/03/2010 Pioneers/1003/17-11-09/325/13-10-09 /30-11-09 99.00   DVD WEDN DVD-005772 02/03/2010   1 99.00 02/03/2010 CD-ROMs, DVDs, VHS  
    Dewey Decimal Classification     Vinoba Puri Vinoba Puri 02/03/2010 Pioneers/1003/17-11-09/325/13-10-09 /30-11-09 99.00 4 DVD WEDN DVD-005769 27/01/2015 12/01/2015 1 99.00 02/03/2010 CD-ROMs, DVDs, VHS  

© Delhi Public Library
Hit Counter
free hit counter